<?xml version="1.0" encoding="UTF-8"?>
<collection xmlns="http://www.loc.gov/MARC21/slim">
 <record>
  <leader>00851cam a2200169 7i4500</leader>
  <controlfield tag="001">0000140906</controlfield>
  <controlfield tag="005">20081106090000.0</controlfield>
  <controlfield tag="002">  0000005987</controlfield>
  <datafield tag="090" ind1="0" ind2="0">
   <subfield code="a">LP 8 FPE 1 2007 </subfield>
  </datafield>
  <datafield tag="100" ind1="0" ind2="#">
   <subfield code="a">Dhiya Fauzani Razali </subfield>
  </datafield>
  <datafield tag="245" ind1="1" ind2="0">
   <subfield code="a">Laporan praktikum kaunseling di Sekolah Tunas Bakti Sungai Lereh, Melaka  </subfield>
   <subfield code="c">Dhiya Fauzani Razali.</subfield>
  </datafield>
  <datafield tag="260" ind1="#" ind2="#">
   <subfield code="a">Terengganu: </subfield>
   <subfield code="b">Universiti Malaysia Terengganu, </subfield>
   <subfield code="c">2007.</subfield>
  </datafield>
  <datafield tag="300" ind1=" " ind2=" ">
   <subfield code="a">89 p.; </subfield>
   <subfield code="c">30 cm..</subfield>
  </datafield>
  <datafield tag="502" ind1="#" ind2="#">
   <subfield code="a">Laporan Praktikum FPE (Sarjana Muda Kaunseling) 2007</subfield>
  </datafield>
  <datafield tag="520" ind1="3" ind2="#">
   <subfield code="a">Sekolah ini adalah dibawah jagaan Jabatan Kebajikan Masyarakat Melaka iaitu kumpulan sasarnya terdiri daripada Kanak-kanak (Mengikut tafsiran Akta Kanak-kanak 2001).  Sekolah ini merupakan Institusi Pemulihan Akhlak bagi kanak-kanak yang berumur 10hun hingga 18 tahun</subfield>
  </datafield>
  <datafield tag="602" ind1="#" ind2="#">
   <subfield code="a">Latihan Industri FPE 2007</subfield>
  </datafield>
  <datafield tag="999" ind1=" " ind2=" ">
   <subfield code="a">1100053874</subfield>
   <subfield code="b">Book</subfield>
   <subfield code="c">Latihan Industri</subfield>
   <subfield code="e">KOLEKSI KHAS</subfield>
  </datafield>
 </record>
</collection>
